<?xml version="1.0" encoding="UTF-8"?>
<record
    xmlns:xsi="http://www.w3.org/2001/XMLSchema-instance"
    xsi:schemaLocation="http://www.loc.gov/MARC21/slim http://www.loc.gov/standards/marcxml/schema/MARC21slim.xsd"
    xmlns="http://www.loc.gov/MARC21/slim">

  <leader>01615nam a22002897a 4500</leader>
  <controlfield tag="001">1260</controlfield>
  <controlfield tag="005">20230809153814.0</controlfield>
  <controlfield tag="008">230809b        cb ||||| |||| 00| 0 khr d</controlfield>
  <datafield tag="020" ind1=" " ind2=" ">
    <subfield code="a">9789924340522</subfield>
  </datafield>
  <datafield tag="040" ind1=" " ind2=" ">
    <subfield code="a">FISKH</subfield>
    <subfield code="b">eng</subfield>
    <subfield code="c">FISKH</subfield>
    <subfield code="d">FISKH</subfield>
  </datafield>
  <datafield tag="082" ind1=" " ind2=" ">
    <subfield code="a">591.7</subfield>
  </datafield>
  <datafield tag="100" ind1=" " ind2=" ">
    <subfield code="a">Zeveren, Michel Van </subfield>
  </datafield>
  <datafield tag="245" ind1=" " ind2=" ">
    <subfield code="a">&#x17A2;&#x17B6;&#x17A0;&#x17D2;&#x1793;&#x17B9;&#x1784; &#x179A;&#x1794;&#x179F;&#x17CB;&#x1781;&#x17D2;&#x1789;&#x17BB;&#x17C6;! / </subfield>
    <subfield code="c">&#x1793;&#x17B7;&#x1796;&#x1793;&#x17D2;&#x1792; &#x1793;&#x17B7;&#x1784;&#x1782;&#x17BC;&#x179A;&#x179A;&#x17BC;&#x1794;&#x178A;&#x17C4;&#x1799; &#x1798;&#x17B8;&#x179F;&#x17C2;&#x179B; &#x179C;&#x17C9;&#x17B6;&#x1793;&#x17CB;&#x17A0;&#x17D2;&#x179F;&#x17C1;&#x179C;&#x17BA;&#x179A;&#x17B7;&#x1793; ; &#x1794;&#x1780;&#x1794;&#x17D2;&#x179A;&#x17C2;&#x1796;&#x17B8;&#x1797;&#x17B6;&#x179F;&#x17B6;&#x1794;&#x17B6;&#x179A;&#x17B6;&#x17C6;&#x1784;&#x178A;&#x17C4;&#x1799; &#x17A2;&#x17CA;&#x17BC;&#x1785; &#x179F;&#x17BC;&#x178A;&#x17B6;&#x1793;&#x17B8; </subfield>
  </datafield>
  <datafield tag="250" ind1=" " ind2=" ">
    <subfield code="a">&#x1794;&#x17C4;&#x17C7;&#x1796;&#x17BC;&#x1798;&#x17D2;&#x1796;&#x179B;&#x17BE;&#x1780;&#x1791;&#x17B8; &#x17E4; &#x1780;&#x17BB;&#x1798;&#x17D2;&#x1797;&#x17C8; &#x17E2;&#x17E0;&#x17E2;&#x17E2;</subfield>
  </datafield>
  <datafield tag="260" ind1=" " ind2=" ">
    <subfield code="a">Phnom Penh : </subfield>
    <subfield code="b">Sipar, </subfield>
    <subfield code="c">2022. </subfield>
  </datafield>
  <datafield tag="300" ind1=" " ind2=" ">
    <subfield code="a">28 pages : </subfield>
    <subfield code="b">color illustrations ; </subfield>
    <subfield code="c">27 cm </subfield>
  </datafield>
  <datafield tag="490" ind1=" " ind2=" ">
    <subfield code="a">&#x178F;&#x179F;&#x17CB;&#x17A2;&#x17B6;&#x1793;! </subfield>
  </datafield>
  <datafield tag="505" ind1=" " ind2=" ">
    <subfield code="a">K 
</subfield>
  </datafield>
  <datafield tag="520" ind1=" " ind2=" ">
    <subfield code="a">&#x1780;&#x1784;&#x17D2;&#x1780;&#x17C2;&#x1794;&#x1794;&#x17B6;&#x1793;&#x1783;&#x17BE;&#x1789;&#x179F;&#x17CA;&#x17BB;&#x178F;&#x1798;&#x17BD;&#x1799;&#x200B; &#x1785;&#x17C6;&#x178E;&#x17C2;&#x1780;&#x17AF; &#x1796;&#x179F;&#x17CB; &#x17A5;&#x1793;&#x17D2;&#x1791;&#x17D2;&#x179A;&#x17B8; &#x1793;&#x17B7;&#x1784;&#x178F;&#x17D2;&#x179A;&#x1780;&#x17BD;&#x178F;&#x1799;&#x1780;&#x17D2;&#x179F; &#x1794;&#x17B6;&#x1793;&#x1798;&#x1780;&#x178A;&#x178E;&#x17D2;&#x178A;&#x17BE;&#x1798;&#x179F;&#x17CA;&#x17BB;&#x178F;&#x1793;&#x17C4;&#x17C7;&#x179A;&#x17C0;&#x1784;&#x17D7;&#x1781;&#x17D2;&#x179B;&#x17BD;&#x1793;&#x17D4; &#x1780;&#x17D2;&#x179A;&#x17C4;&#x1799;&#x1798;&#x1780; &#x179F;&#x17CA;&#x17BB;&#x178F;&#x1793;&#x17C4;&#x17C7;&#x1780;&#x17CF;&#x1794;&#x17B6;&#x1793;&#x1789;&#x17D0;&#x179F;&#x200B;&#x1780;&#x17D2;&#x179B;&#x17B6;&#x1799;&#x1787;&#x17B6;&#x179F;&#x178F;&#x17D2;&#x179C;&#x1780;&#x17D2;&#x179A;&#x1796;&#x17BE;&#x179A;&#x17D4; </subfield>
  </datafield>
  <datafield tag="520" ind1=" " ind2=" ">
    <subfield code="a">The frog saw an egg, while the serpent, the eagle, and the giant came to grab the egg, respectively. The egg later hatched into a crocodile.</subfield>
  </datafield>
  <datafield tag="521" ind1=" " ind2=" ">
    <subfield code="a">510 
</subfield>
    <subfield code="b">Lexile estimate </subfield>
  </datafield>
  <datafield tag="521" ind1=" " ind2=" ">
    <subfield code="a">K 
</subfield>
    <subfield code="b">Raz-Plus 
</subfield>
  </datafield>
  <datafield tag="650" ind1=" " ind2=" ">
    <subfield code="2">Egg </subfield>
    <subfield code="v">Grab </subfield>
    <subfield code="x">Animals </subfield>
  </datafield>
  <datafield tag="650" ind1=" " ind2=" ">
    <subfield code="2">&#x1796;&#x1784;&#x200B;</subfield>
    <subfield code="v">&#x178A;&#x178E;&#x17D2;&#x178A;&#x17BE;&#x1798; </subfield>
    <subfield code="x">&#x179F;&#x178F;&#x17D2;&#x179C;&#x200B;</subfield>
  </datafield>
  <datafield tag="700" ind1=" " ind2=" ">
    <subfield code="a">Zeveren, Michel Van </subfield>
    <subfield code="c">illustrator </subfield>
  </datafield>
  <datafield tag="942" ind1=" " ind2=" ">
    <subfield code="2">ddc</subfield>
    <subfield code="c">BK</subfield>
    <subfield code="n">0</subfield>
  </datafield>
  <datafield tag="999" ind1=" " ind2=" ">
    <subfield code="c">1260</subfield>
    <subfield code="d">1260</subfield>
  </datafield>
  <datafield tag="952" ind1=" " ind2=" ">
    <subfield code="0">0</subfield>
    <subfield code="1">0</subfield>
    <subfield code="2">ddc</subfield>
    <subfield code="4">0</subfield>
    <subfield code="7">0</subfield>
    <subfield code="8">KH</subfield>
    <subfield code="a">001</subfield>
    <subfield code="b">001</subfield>
    <subfield code="c">KHRS</subfield>
    <subfield code="d">2023-08-09</subfield>
    <subfield code="l">1</subfield>
    <subfield code="o">ZEV 591.7</subfield>
    <subfield code="p">2023-0223</subfield>
    <subfield code="r">2024-02-05 13:59:27</subfield>
    <subfield code="s">2024-01-08</subfield>
    <subfield code="t">1</subfield>
    <subfield code="w">2023-08-09</subfield>
    <subfield code="y">BK</subfield>
  </datafield>
  <datafield tag="952" ind1=" " ind2=" ">
    <subfield code="0">0</subfield>
    <subfield code="1">0</subfield>
    <subfield code="2">ddc</subfield>
    <subfield code="4">0</subfield>
    <subfield code="7">0</subfield>
    <subfield code="8">KH</subfield>
    <subfield code="a">001</subfield>
    <subfield code="b">001</subfield>
    <subfield code="c">KHRS</subfield>
    <subfield code="d">2023-08-09</subfield>
    <subfield code="l">2</subfield>
    <subfield code="o">ZEV 591.7</subfield>
    <subfield code="p">2023-0224</subfield>
    <subfield code="r">2025-02-14 14:17:12</subfield>
    <subfield code="s">2024-12-04</subfield>
    <subfield code="t">2</subfield>
    <subfield code="w">2023-08-09</subfield>
    <subfield code="y">BK</subfield>
  </datafield>
</record>
